Häufigste Nachnamen China - Statistiken

Allgemein
  • Dieses Quiz wurde 101 mal gespielt
  • Das Durchschnittsergebnis liegt bei 113 aus 399
Antwortstatistiken
Antwort % Korrekt
Li
84%
Ng
81%
A
78%
Le
76%
Lin
75%
Ha
72%
Wa
72%
Xi
71%
Ji
70%
Lo
70%
Hu
68%
Wen
68%
E
66%
La
66%
Mi
66%
Lu
65%
Ho
63%
Bi
62%
Chen
62%
Chin
62%
Wan
62%
Wu
62%
Cha
59%
Han
59%
Ma
59%
Ni
59%
Wang
59%
Ba
58%
Jin
58%
Wo
58%
Yi
58%
Fa
57%
He
57%
Mo
57%
Pi
57%
Si
57%
Di
56%
Ka
56%
Ko
56%
Ti
56%
Ben
54%
Bin
54%
Che
54%
Cho
54%
Fen
54%
Ke
54%
Ling
54%
Na
54%
Ta
54%
Ya
54%
Chi
53%
Da
53%
De
53%
Ge
53%
Lan
53%
Me
53%
Yen
53%
Yin
53%
Mu
52%
Qu
52%
Sa
52%
Sen
52%
Chan
51%
Fu
51%
Gu
51%
An
49%
Zha
49%
Du
48%
Ju
48%
Men
48%
Min
48%
So
48%
To
48%
Zhen
48%
Bo
47%
Shen
47%
Su
47%
Yan
47%
Yu
47%
Bu
46%
Fan
46%
Feng
46%
Hang
46%
Jing
46%
Xin
46%
Xu
46%
Ye
46%
Chang
44%
Hong
44%
Kan
44%
Ping
44%
Qi
44%
Te
44%
Weng
44%
Zu
44%
Chu
43%
Lang
43%
Lie
43%
Ly
43%
Pu
43%
Ren
43%
Tu
43%
Wong
43%
Zhe
43%
Fang
42%
Ku
42%
Long
42%
Ming
42%
Pan
42%
Peng
42%
San
42%
Yang
42%
Zhan
42%
Cheng
41%
Chong
41%
Dan
41%
Shi
41%
Song
41%
Ze
41%
Lee
39%
Nu
39%
Zhu
39%
Ban
38%
Ding
38%
Gong
38%
Man
38%
Tan
38%
Zi
38%
Bing
37%
Dang
37%
Dong
37%
Kong
37%
Ru
37%
Sha
37%
She
37%
Xia
37%
Ching
35%
Heng
35%
Hua
35%
Mao
35%
Qin
35%
Xing
35%
Yuen
35%
Yun
35%
Zhang
35%
Zheng
35%
Deng
34%
Dun
34%
Gan
34%
Kang
34%
Pang
34%
Zhi
34%
Ci
33%
Leng
33%
Tong
33%
Yong
33%
Ce
32%
Hung
32%
Jun
32%
Lun
32%
Tang
32%
Ting
32%
Ying
32%
Bang
30%
Kim
30%
Leung
30%
Nan
30%
Ran
30%
Sang
30%
Shan
30%
Geng
29%
Huan
29%
Jia
29%
Meng
29%
Sun
29%
Tao
29%
Ao
28%
Cen
28%
Fong
28%
Hao
28%
Lei
28%
Lian
28%
Ning
28%
Shang
28%
Shu
28%
Yeung
28%
Gang
27%
Huang
27%
King
27%
Wei
27%
Ang
25%
Bao
25%
Gao
25%
Kun
25%
Lai
25%
Lao
25%
Liu
25%
Teng
25%
Yao
25%
Zan
25%
Fung
24%
Kao
24%
Qing
24%
Rong
24%
Tung
24%
Zeng
24%
Zhong
24%
Ai
23%
Bai
23%
Bei
23%
Can
23%
Chun
23%
Dao
23%
Hai
23%
Hei
23%
Hui
23%
Jian
23%
Luo
23%
Mai
23%
Xie
23%
Zang
23%
Zhao
23%
Cheung
22%
Chung
22%
Fei
22%
Guan
22%
Guo
22%
Kai
22%
Liang
22%
Lui
22%
Mei
22%
Run
22%
Sung
22%
Tai
22%
Xian
22%
Xun
22%
Au
20%
Cao
20%
Jiang
20%
Qun
20%
Sheng
20%
Van
20%
Gou
19%
Huo
19%
Lou
19%
Pai
19%
Quan
19%
Yuan
19%
Zong
19%
Cang
18%
Chao
18%
Cong
18%
Gai
18%
Hou
18%
Nai
18%
Nie
18%
Pei
18%
Wai
18%
Xiao
18%
Zhou
18%
Ceng
16%
Dai
16%
Duan
16%
Nong
16%
Sai
16%
Sui
16%
Xiang
16%
Zhuang
16%
Cai
15%
Cui
15%
Duo
15%
Gui
15%
Jie
15%
Kui
15%
Ong
15%
Rao
15%
Ruan
15%
Rui
15%
Sao
15%
Tian
15%
Xue
15%
You
15%
Guang
14%
Liao
14%
Luan
14%
Miao
14%
Mie
14%
Qian
14%
Shui
14%
Xuan
14%
Bian
13%
Dou
13%
Jiao
13%
Kou
13%
Kuo
13%
Mou
13%
Niu
13%
Bie
11%
Chiang
11%
Chuan
11%
Cun
11%
Er
11%
Jiu
11%
Ou
11%
Qiang
11%
Qiu
11%
Que
11%
Shun
11%
Tie
11%
Tuo
11%
Xiu
11%
Yee
11%
Zai
11%
Zou
11%
Chai
10%
Chuang
10%
Dian
10%
Juan
10%
Kuan
10%
Nee
10%
Shao
10%
Tuan
10%
Young
10%
Yue
10%
Zhuo
10%
Kuang
9%
Leo
9%
Shuang
9%
Suo
9%
Tsai
9%
Tsao
9%
Tsui
9%
Zuo
9%
Lim
8%
Poo
8%
Qiao
8%
Tse
8%
Tseng
8%
Xiong
8%
Biao
6%
Jue
6%
Kwong
6%
Park
6%
Shanghai
6%
Shenzhen
6%
Chou
5%
Diao
5%
Khan
5%
Koo
5%
Lau
5%
Nian
5%
Piao
5%
Qiong
5%
Shou
5%
Tam
5%
Zhai
5%
Choi
4%
Chow
4%
Hoo
4%
Hwang
4%
Kwan
4%
Lam
4%
Lew
4%
Qie
4%
Shuo
4%
Tsang
4%
Beijing
3%
Chau
3%
Chew
3%
Chiu
3%
Mok
3%
Moon
3%
Ou Yang
3%
Ouyang
3%
Woo
3%
Abu
1%
Guangzhou
1%
Hsu
1%
Huai
1%
Kwok
1%
Law
1%
Liew
1%
Mak
1%
Shuai
1%
Yap
1%
Yeh
1%
Yip
1%
Zhuge
1%
Chuai
0%
Huajing
0%
Huangfu
0%
Kuai
0%
Liufu
0%
Maimai
0%
Shangguan
0%
Shaw
0%
Shentu
0%
Shii
0%
Soong
0%
Keine übereinstimmenden Quizze gefunden
Verteilung der Resultate
Anzahl Personen mit jedem Resultat
Perzentil nach korrekt beantworteten Fragen
Ihre Resultats-Entwicklung
Sie haben dieses Quiz noch nicht gespielt